Gender Bending Cartoon Voices Quiz Stats

 Plays Quiz Updated Mar 2, 2016

Also try: Cartoon Voices
Challenge
Share
Tweet
Embed
Score 0/30 Timer 03:00
0 Plays Today
Character Y or N? % Correct
Shaggy (Scooby Doo)???
75.2%
Bart Simpson (The Simpsons)???
75%
Chris Griffin (Family Guy)???
74.6%
Bugs Bunny (The Bugs Bunny Show)???
73.9%
Waylon Smithers (The Simpsons)???
71.1%
Tommy Pickles (Rugrats)???
70%
Andy (Toy Story)???
69.8%
Kenny McCormick (South Park)???
68.2%
Timmy Turner (The Fairly Oddparents)???
67%
Boo (Monsters, Inc.)???
63.1%
Ferb Fletcher (Phineas & Ferb)???
61.1%
Dexter (Dexter's Laboratory)???
60.7%
Dash Parr (The Incredibles)???
59.7%
Nemo (Finding Nemo)???
58.2%
Yakko Warner (Animaniacs)???
57.3%
Character Y or N? % Correct
Casper (Casper the Friendly Ghost)???
56.4%
Pinocchio (Pinocchio)???
56.3%
Elroy Jetson (The Jetsons)???
56%
Ash Ketchum (Pokémon)???
55.5%
Martin Prince (The Simpsons)???
54.7%
Roz (Monsters, Inc.)???
53.1%
Bamm-Bamm Rubble (The Flintstones)???
52.5%
Edna Mode (The Incredibles)???
52.3%
Rocky (Rocky & Bullwinkle)???
50.7%
Jimmy Neutron (J.N: Boy Genius)???
50.2%
Doctor Girlfriend (Venture Brothers)???
49%
Bobby Hill (King of the Hill)???
48.2%
Fievel (An American Tail)???
47.5%
Naruto Uzumaki (Naruto)???
46.7%
Huey Freeman (The Boondocks)???
39.9%

You're not logged in!

Compare scores with friends on all Sporcle quizzes.
OR
Log In

You Might Also Like...

Show Comments

Extras

Top Quizzes Today


Score Distribution

Your Account Isn't Verified!

In order to create a playlist on Sporcle, you need to verify the email address you used during registration. Go to your Sporcle Settings to finish the process.

Report this User

Report this user for behavior that violates our Community Guidelines.

Details: